[Event "Avoine op 25th"]
[Site "Avoine"]
[Date "2010.07.20"]
[Round "4"]
[White "Grigore, George Gabriel"]
[Black "Grateau, Jean Noel"]
[Result "1-0"]
[WhiteElo "2532"]
[BlackElo "1908"]
[PlyCount "95"]
[EventDate "2010.07.17"]
[EventType "swiss"]
[EventRounds "9"]
[EventCountry "FRA"]
[SourceTitle "EXT 2011"]
[Source "ChessBase"]
[SourceDate "2010.11.26"]
[SourceVersion "1"]
[SourceVersionDate "2010.11.26"]
[SourceQuality "1"]

1. d4 Nf6 2. c4 g6 3. Nc3 d5 4. Nf3 Bg7 5. Bf4 0-0 6. e3 c5 7. dxc5 Qa5 8. Rc1 dxc4 9. Bxc4 Qxc5 10. Bb3 Nc6 11. 0-0 Qa5 12. h3 Bf5 13. Ng5 Rad8 14. Bxf7+ Rxf7 15. Qb3 Nd5 16. Bc7 Nxc7 17. Qxf7+ Kh8 18. Qb3 Ne5 19. Rcd1 Rf8 20. e4 h6 21. exf5 hxg5 22. fxg6 Qb6 23. Qxb6 axb6 24. Rfe1 Nxg6 25. Rd7 Na6 26. Rxb7 Bd4 27. Re2 Nb4 28. Rd7 e5 29. Nb5 Bc5 30. a3 Nc6 31. b4 Nd4 32. Nxd4 Bxd4 33. Rc2 Nf4 34. Kh2 Ne6 35. Rc6 Nd8 36. Rh6+ Kg8 37. Rg6+ Kh8 38. Rxg5 Ne6 39. Rg6 Re8 40. f3 Nf8 41. Rh6+ Kg8 42. Rb7 Ne6 43. Rg6+ Kh8 44. a4 Nf4 45. Rh6+ Kg8 46. a5 bxa5 47. bxa5 Rc8 48. Rd6 1-0

[Event "Avoine op 24th"]
[Site "Avoine"]
[Date "2009.07.22"]
[Round "5"]
[White "Grateau, Jean Noel"]
[Black "Duchateau, Thomas"]
[Result "0-1"]
[WhiteElo "1946"]
[BlackElo "2100"]
[PlyCount "86"]
[EventDate "2009.07.18"]
[EventType "swiss"]
[EventRounds "9"]
[EventCountry "FRA"]
[SourceTitle "CBM 131 Extra"]
[Source "ChessBase"]
[SourceDate "2009.09.03"]
[SourceVersion "2"]
[SourceVersionDate "2009.09.16"]
[SourceQuality "1"]

1. e4 g6 2. d4 Bg7 3. Nc3 d6 4. Be3 a6 5. h3 b5 6. g4 Bb7 7. Bg2 Nd7 8. a3 Nb6 9. Nge2 Nc4 10. Bc1 e6 11. 0-0 Ne7 12. b3 Nb6 13. Be3 h5 14. g5 d5 15. e5 Nf5 16. Qd2 Nd7 17. Ng3 Nxe3 18. Qxe3 c5 19. f4 cxd4 20. Qxd4 Rc8 21. Kh1 Qc7 22. Nge2 0-0 23. Ra2 Qc5 24. Nd1 Qxd4 25. Nxd4 Rc7 26. c3 Rfc8 27. a4 bxa4 28. Rxa4 Bf8 29. b4 Nb8 30. Rf2 Nc6 31. Nxc6 Rxc6 32. Rfa2 Rc4 33. Rf2 Bc5 34. Rf1 Bb6 35. Ra3 R8c7 36. Nb2 Rxc3 37. Rxc3 Rxc3 38. Na4 Rc6 39. Nxb6 Rxb6 40. Rb1 Bc6 41. Bf1 Bb5 42. Kg1 Bxf1 43. Kxf1 Rb5 0-1

[Event "Avoine op 22nd"]
[Site "Avoine"]
[Date "2007.07.24"]
[Round "4"]
[White "Fermen, Guy"]
[Black "Grateau, Jean Noel"]
[Result "0-1"]
[WhiteElo "1764"]
[BlackElo "1957"]
[PlyCount "52"]
[EventDate "2007.07.21"]
[EventType "swiss"]
[EventRounds "9"]
[EventCountry "FRA"]
[SourceTitle "EXT 2010"]
[Source "ChessBase"]
[SourceDate "2010.11.25"]
[SourceVersion "1"]
[SourceVersionDate "2010.11.25"]
[SourceQuality "1"]

1. d4 Nf6 2. Nf3 g6 3. e3 Bg7 4. Bd3 d5 5. Nbd2 0-0 6. 0-0 Nbd7 7. c3 c5 8. Re1 b6 9. b4 Bb7 10. a3 Re8 11. e4 dxe4 12. Nxe4 Nxe4 13. Bxe4 Bxe4 14. Rxe4 Nf6 15. Re2 Qc7 16. Bb2 Red8 17. Qe1 e6 18. dxc5 bxc5 19. b5 c4 20. Nd4 Ng4 21. Nf3 Rd5 22. a4 Rad8 23. Ba3 Rd3 24. Bb4 Rxf3 25. g3 Rfd3 26. a5 Ne5 0-1

[Event "Chateauroux op"]
[Site "Chateauroux"]
[Date "2005.10.30"]
[Round "2"]
[White "Bacot"]
[Black "Grateau, Jean Noel"]
[Result "0-1"]
[WhiteElo "1640"]
[BlackElo "1968"]
[PlyCount "52"]
[EventDate "2005.10.30"]
[EventType "swiss"]
[EventRounds "7"]
[EventCountry "FRA"]
[SourceTitle "EXT 2007"]
[Source "ChessBase"]
[SourceDate "2006.11.23"]
[SourceVersion "1"]
[SourceVersionDate "2006.11.23"]
[SourceQuality "1"]

1. e4 c5 2. Bc4 e6 3. Nc3 a6 4. Nf3 b5 5. Be2 Bb7 6. d3 Nf6 7. Bg5 Be7 8. Bxf6 Bxf6 9. Qd2 d5 10. e5 Be7 11. Nd1 Nc6 12. 0-0 Qc7 13. Ne3 Nxe5 14. Qc3 Nxf3+ 15. Bxf3 d4 16. Qd2 dxe3 17. Qxe3 Bxf3 18. Qxf3 0-0 19. Qh3 Bf6 20. c3 Rad8 21. f4 Rd5 22. Qf3 Rfd8 23. Rad1 Qd7 24. d4 cxd4 25. cxd4 Bxd4+ 26. Kh1 Bxb2 0-1